[Event "Madrid ch 2022-2023 Semifinal"]
[Site "Madrid ESP"]
[Date "2023.05.07"]
[Round "5.12"]
[White "Luque Ibanes, Manuel"]
[Black "Carela Ferrer, Francisco Javier"]
[Result "1/2-1/2"]
[WhiteElo "2047"]
[BlackElo "1869"]
[PlyCount "68"]
[EventDate "2023.05.03"]
[EventType "swiss"]
[EventRounds "9"]
[EventCountry "ESP"]
[SourceTitle "Ajedrez en Madrid"]
[Source "lmi"]
[SourceDate "2023.05.03"]
[SourceVersion "1"]
[SourceVersionDate "2023.05.10"]
[SourceQuality "1"]

1. d4 Nf6 2. Nf3 d6 3. c4 g6 4. Nc3 Bg7 5. e4 O-O 6. Be2 c5 7. d5 e6 8. O-O
exd5 9. exd5 Na6 10. h3 Nc7 11. Re1 Re8 12. Bd3 Rxe1+ 13. Qxe1 a6 14. a4 Qe8
15. Bf4 Qxe1+ 16. Rxe1 Bf8 17. Ng5 Bd7 18. Nge4 Nce8 19. a5 Kg7 20. Bc2 h6 21.
g4 Nxe4 22. Bxe4 Nf6 23. Bc2 Re8 24. Bd2 Rxe1+ 25. Bxe1 Be7 26. Na4 Bxa4 27.
Bxa4 h5 28. f3 hxg4 29. hxg4 Nh7 30. Bd2 Nf8 31. Be3 f6 32. Bc2 Nd7 33. Bf4 Ne5
34. b3 Bd8 1/2-1/2

[Event "Madrid ch 2022-2023 Semifinal"]
[Site "Madrid ESP"]
[Date "2023.05.07"]
[Round "5.13"]
[White "Martinez Garcia, Ruben"]
[Black "Lopez Herrero, Israel"]
[Result "1-0"]
[WhiteElo "2030"]
[BlackElo "1792"]
[PlyCount "121"]
[EventDate "2023.05.03"]
[EventType "swiss"]
[EventRounds "9"]
[EventCountry "ESP"]
[SourceTitle "Ajedrez en Madrid"]
[Source "lmi"]
[SourceDate "2023.05.03"]
[SourceVersion "1"]
[SourceVersionDate "2023.05.10"]
[SourceQuality "1"]

1. e4 c5 2. Nf3 e6 3. d4 cxd4 4. Nxd4 Nf6 5. Nc3 Nc6 6. Ndb5 Bb4 7. Bf4 O-O 8.
Bc7 Qe7 9. Bd6 Bxd6 10. Qxd6 a6 11. Qxe7 Nxe7 12. Nd6 Ne8 13. O-O-O Nxd6 14.
Rxd6 b5 15. Be2 f5 16. Bf3 Ra7 17. Re1 Rc7 18. a3 Bb7 19. Red1 Bc6 20. e5 Bxf3
21. gxf3 Ng6 22. f4 Ra8 23. Rxd7 Rxd7 24. Rxd7 Nxf4 25. Rd4 g5 26. Rd6 Kf7 27.
Rd7+ Kg6 28. Kd2 h6 29. Ke3 Rb8 30. Rd6 a5 31. Ne2 Nd5+ 32. Kd4 Kf7 33. Rd7+
Ne7 34. c3 Rc8 35. b3 a4 36. bxa4 Rc4+ 37. Kd3 Rxa4 38. Nd4 Rxa3 39. Nc6 b4 40.
Rxe7+ Kf8 41. Rxe6 Rxc3+ 42. Kd4 Rf3 43. Nxb4 Rxf2 44. Rxh6 Rf4+ 45. Kc5 Re4
46. Nc6 f4 47. Rg6 Re2 48. Rxg5 Rxh2 49. Rf5+ Ke8 50. Rxf4 Rh5 51. Rg4 Kd7 52.
Rg7+ Ke6 53. Re7+ Kf5 54. Kd6 Rh1 55. Rf7+ Kg6 56. e6 Rd1+ 57. Ke7 Rd5 58. Ke8
Rc5 59. Nd8 Rc1 60. e7 Rh1 61. Rf2 1-0

[Event "Madrid ch 2022-2023 Semifinal"]
[Site "Madrid ESP"]
[Date "2023.05.07"]
[Round "5.14"]
[White "Blazquez Sanz, Oscar"]
[Black "Mota Cossio, Alberto"]
[Result "0-1"]
[WhiteElo "1800"]
[BlackElo "2087"]
[PlyCount "148"]
[EventDate "2023.05.03"]
[EventType "swiss"]
[EventRounds "9"]
[EventCountry "ESP"]
[SourceTitle "Ajedrez en Madrid"]
[Source "lmi"]
[SourceDate "2023.05.03"]
[SourceVersion "1"]
[SourceVersionDate "2023.05.10"]
[SourceQuality "1"]

1. e4 c5 2. Nf3 e6 3. d4 cxd4 4. Nxd4 a6 5. Nc3 Qc7 6. Bd3 Nf6 7. O-O Be7 8.
Be3 b5 9. f4 Bb7 10. e5 Nd5 11. Nxd5 Bxd5 12. a4 b4 13. a5 d6 14. Nf3 Nd7 15.
Ng5 g6 16. exd6 Qxd6 17. Be4 Nf6 18. Bd4 Rd8 19. Bxd5 Qxd5 20. c3 bxc3 21. Qa4+
Rd7 22. bxc3 O-O 23. Bxf6 Bxf6 24. Ne4 Bxc3 25. Nxc3 Qc5+ 26. Kh1 Rd4 27. Qa3
Qc6 28. Ne2 Rd2 29. Qe3 Rfd8 30. Rfc1 Qd7 31. h3 Qb7 32. Rab1 Qd5 33. Ra1 Qb7
34. Re1 R8d3 35. Qb6 Rxh3+ 36. Kg1 Rb3 37. Qxb7 Rxb7 38. Kf2 Rb4 39. g3 h5 40.
Ke3 Rdb2 41. Red1 f5 42. Ra3 Re4+ 43. Kf3 Rexe2 44. Rc3 Rf2+ 45. Ke3 Rbe2+ 46.
Kd4 Re4+ 47. Kc5 Rb2 48. Rd8+ Kf7 49. Kc6 Rb5 50. Rc2 h4 51. gxh4 Rxf4 52. Ra8
Rxa5 53. Kb6 Rd5 54. Rc7+ Kf6 55. Rf8+ Ke5 56. Kxa6 Rxh4 57. Rg8 Rg4 58. Rc1 g5
59. Rg6 Ra4+ 60. Kb6 g4 61. Kc6 Re4 62. Rf1 Rd3 63. Kc5 Re2 64. Kc4 Rd8 65. Kc3
Rd6 66. Kc4 Rd4+ 67. Kc3 Re3+ 68. Kc2 g3 69. Kc1 f4 70. Rg4 Kf5 71. Rg8 e5 72.
Kc2 Ke4 73. Rg5 Re2+ 74. Kc1 g2 0-1

[Event "Madrid ch 2022-2023 Semifinal"]
[Site "Madrid ESP"]
[Date "2023.05.07"]
[Round "5.15"]
[White "Feal Albala, Alonso"]
[Black "Vinas Lopez, Carlos"]
[Result "1-0"]
[WhiteElo "1959"]
[BlackElo "1874"]
[PlyCount "87"]
[EventDate "2023.05.03"]
[EventType "swiss"]
[EventRounds "9"]
[EventCountry "ESP"]
[SourceTitle "Ajedrez en Madrid"]
[Source "lmi"]
[SourceDate "2023.05.03"]
[SourceVersion "1"]
[SourceVersionDate "2023.05.10"]
[SourceQuality "1"]

1. e4 c5 2. Nf3 e6 3. d4 cxd4 4. Nxd4 Nf6 5. Nc3 Nc6 6. Ndb5 Bb4 7. Bf4 Nxe4 8.
Qf3 d5 9. O-O-O Bxc3 10. Nc7+ Kf8 11. bxc3 e5 12. Nxd5 f5 13. Nb4 Qa5 14. Bd2
Qa3+ 15. Kb1 Nxb4 16. cxb4 Qxf3 17. gxf3 Nxf2 18. Bc4 Nxh1 19. Bg5 Be6 20. Bxe6
Nf2 21. Rd7 Nh3 22. Be3 b6 23. Bxf5 Nf4 24. Be4 Rb8 25. Rxa7 Rg8 26. Bxf4 exf4
27. Bd5 Rh8 28. Rf7+ Ke8 29. Rxg7 h5 30. h4 Rd8 31. c4 Rd6 32. Be4 Kf8 33. Rb7
Rg8 34. Rb8+ Kg7 35. Rxg8+ Kxg8 36. Kc2 Kf7 37. a4 Ke7 38. b5 Kd7 39. a5 Kc7
40. a6 Kb8 41. Bd5 Ka7 42. Kd3 Rd8 43. Ke4 Rf8 44. Be6 1-0

[Event "Madrid ch 2022-2023 Semifinal"]
[Site "Madrid ESP"]
[Date "2023.05.07"]
[Round "5.16"]
[White "Sanchez Rodriguez, Jaime"]
[Black "Gaibor Gallardo, Gonzalo"]
[Result "0-1"]
[WhiteElo "1839"]
[BlackElo "1923"]
[PlyCount "101"]
[EventDate "2023.05.03"]
[EventType "swiss"]
[EventRounds "9"]
[EventCountry "ESP"]
[SourceTitle "Ajedrez en Madrid"]
[Source "lmi"]
[SourceDate "2023.05.03"]
[SourceVersion "1"]
[SourceVersionDate "2023.05.10"]
[SourceQuality "1"]

1. d4 d5 2. e3 Nf6 3. f4 Bf5 4. Bd3 e6 5. Nf3 Be7 6. O-O c5 7. c3 Nc6 8. Ne5
O-O 9. Bxf5 exf5 10. Nd2 Ne4 11. Ndf3 f6 12. Nd3 c4 13. Nf2 Nxf2 14. Rxf2 Qd7
15. Bd2 b5 16. Qc2 Bd6 17. h3 Rab8 18. Nh2 b4 19. g4 Ne7 20. Rg2 a5 21. Nf3 a4
22. Nh4 a3 23. cxb4 Bxb4 24. Bxb4 Rxb4 25. bxa3 Ra4 26. Nxf5 Nxf5 27. gxf5 Re8
28. Kf2 Rxa3 29. Rg3 Qa7 30. Rag1 Re7 31. Ra1 Rb7 32. Rgg1 Rb6 33. Rgb1 Rba6
34. Qc1 h6 35. Rb2 c3 36. Rc2 Rxa2 37. Raxa2 Rxa2 38. Qb1 Rxc2+ 39. Qxc2 Qa3
40. Ke2 Qa6+ 41. Ke1 Qc4 42. h4 h5 43. Kf2 Kh7 44. Ke1 Kg8 45. Kf2 Kf7 46. Ke1
Ke7 47. Kf2 Kd6 48. Ke1 Kc6 49. Kf2 Kb5 50. Kg1 Kb4 51. Kf2 0-1

[Event "Madrid ch 2022-2023 Semifinal"]
[Site "Madrid ESP"]
[Date "2023.05.07"]
[Round "5.17"]
[White "Moreno Torrero, Javier"]
[Black "Roquero Redondo, Miguel"]
[Result "1/2-1/2"]
[WhiteElo "1910"]
[BlackElo "1936"]
[PlyCount "85"]
[EventDate "2023.05.03"]
[EventType "swiss"]
[EventRounds "9"]
[EventCountry "ESP"]
[SourceTitle "Ajedrez en Madrid"]
[Source "lmi"]
[SourceDate "2023.05.03"]
[SourceVersion "1"]
[SourceVersionDate "2023.05.10"]
[SourceQuality "1"]

1. d4 Nf6 2. c4 e6 3. Nf3 d5 4. Nc3 Be7 5. Bg5 O-O 6. e3 b6 7. cxd5 Nxd5 8.
Bxe7 Qxe7 9. Bd3 Nxc3 10. bxc3 Bb7 11. O-O Nd7 12. e4 e5 13. Re1 Rfd8 14. Qe2
exd4 15. cxd4 Nf6 16. Rad1 Re8 17. Ne5 c5 18. Bc4 Rf8 19. Nxf7 Rxf7 20. Bxf7+
Qxf7 21. e5 Ne4 22. Qe3 cxd4 23. Rxd4 Nc5 24. e6 Qe7 25. Qe5 Re8 26. Rd7 Qf6
27. Qxf6 gxf6 28. Rc7 a5 29. f4 f5 30. Rb1 Bd5 31. Rxb6 Nxe6 32. Ra7 Nxf4 33.
Rxa5 Re2 34. Ra7 Rxg2+ 35. Kf1 Bc4+ 36. Ke1 Re2+ 37. Kd1 Re8 38. Rb4 Be2+ 39.
Kd2 Nd5 40. Rbb7 Bg4 41. Rg7+ Kh8 42. Rxh7+ Kg8 43. Rag7+ 1/2-1/2

[Event "Madrid ch 2022-2023 Semifinal"]
[Site "Madrid ESP"]
[Date "2023.05.07"]
[Round "5.18"]
[White "Baeza Escudero, Javier"]
[Black "Fernandez Garcia, Ignacio"]
[Result "1-0"]
[WhiteElo "1906"]
[BlackElo "1840"]
[PlyCount "77"]
[EventDate "2023.05.03"]
[EventType "swiss"]
[EventRounds "9"]
[EventCountry "ESP"]
[SourceTitle "Ajedrez en Madrid"]
[Source "lmi"]
[SourceDate "2023.05.03"]
[SourceVersion "1"]
[SourceVersionDate "2023.05.10"]
[SourceQuality "1"]

1. e4 d6 2. d4 c6 3. f4 Nf6 4. Bd3 Bg4 5. Nf3 d5 6. e5 Ne4 7. Nc3 Nxc3 8. bxc3
e6 9. O-O g6 10. h3 Bxf3 11. Qxf3 h5 12. Be3 Be7 13. c4 Nd7 14. cxd5 cxd5 15.
Rfb1 Nb6 16. a4 a5 17. Bb5+ Kf8 18. Bd2 Qc7 19. Qb3 Kg7 20. Bd3 Bd8 21. Qb5 Nc4
22. Bxc4 Qxc4 23. Qxc4 dxc4 24. Rxb7 c3 25. Bxc3 Re8 26. d5 Rc8 27. Ra3 Kg8 28.
d6 Rc4 29. Rb8 Rf8 30. Rb5 Rxf4 31. Bxa5 Bxa5 32. Rxa5 Rc4 33. c3 Rb8 34. Rb5
Rd8 35. a5 f6 36. exf6 Kf7 37. a6 Kxf6 38. a7 Rcc8 39. Rab3 1-0

[Event "Madrid ch 2022-2023 Semifinal"]
[Site "Madrid ESP"]
[Date "2023.05.07"]
[Round "5.19"]
[White "Garcia Galeote, Lorenzo"]
[Black "Sprenger de la Iglesia, Yevgeni"]
[Result "1-0"]
[WhiteElo "1855"]
[BlackElo "1807"]
[PlyCount "105"]
[EventDate "2023.05.03"]
[EventType "swiss"]
[EventRounds "9"]
[EventCountry "ESP"]
[SourceTitle "Ajedrez en Madrid"]
[Source "lmi"]
[SourceDate "2023.05.03"]
[SourceVersion "1"]
[SourceVersionDate "2023.05.10"]
[SourceQuality "1"]

1. d4 Nf6 2. Nf3 e6 3. Nbd2 c5 4. e3 d5 5. b3 cxd4 6. exd4 Nc6 7. Bb2 Bd6 8.
Bd3 Qc7 9. a3 O-O 10. O-O a5 11. Re1 Rb8 12. Ne5 b5 13. Re3 Rd8 14. Qe2 b4 15.
a4 Qb6 16. Ndf3 Bxe5 17. dxe5 Ng4 18. Bxh7+ Kf8 19. Rd3 Ba6 20. h3 Bxd3 21.
Bxd3 Nh6 22. g4 Ke7 23. Re1 Rdc8 24. Qd2 Qc7 25. Qg5+ Kf8 26. Qh5 Qe7 27. Bc1
Ng8 28. Qh8 f6 29. Nh4 Ke8 30. exf6 gxf6 31. Nf5 exf5 32. Rxe7+ Ncxe7 33. Bxf5
Nxf5 34. Qxg8+ Kd7 35. Qxd5+ Nd6 36. Bf4 Rc6 37. Qxa5 Rxc2 38. Bxd6 Kxd6 39.
Qf5 Rbc8 40. Qxf6+ Kd5 41. Qf5+ Kd4 42. Qd7+ Ke4 43. Kg2 R8c3 44. Qe7+ Kd4 45.
Qxb4+ Kd3 46. a5 Kd2 47. Qf4+ Ke1 48. Qe5+ Kd1 49. b4 Rd3 50. a6 Rdc3 51. a7
Re2 52. Qxe2+ Kxe2 53. a8=Q 1-0

[Event "Madrid ch 2022-2023 Semifinal"]
[Site "Madrid ESP"]
[Date "2023.05.07"]
[Round "5.20"]
[White "Cardena Contreras, Javier"]
[Black "Vukotic Jovsic, Dragan"]
[Result "1-0"]
[WhiteElo "1819"]
[BlackElo "1836"]
[PlyCount "49"]
[EventDate "2023.05.03"]
[EventType "swiss"]
[EventRounds "9"]
[EventCountry "ESP"]
[SourceTitle "Ajedrez en Madrid"]
[Source "lmi"]
[SourceDate "2023.05.03"]
[SourceVersion "1"]
[SourceVersionDate "2023.05.10"]
[SourceQuality "1"]

1. e4 c5 2. Nc3 Nc6 3. f4 e6 4. Nf3 d5 5. exd5 exd5 6. Bb5 Nf6 7. d4 Be7 8. O-O
O-O 9. Kh1 Bg4 10. Bxc6 bxc6 11. Be3 cxd4 12. Bxd4 Nh5 13. Qd2 c5 14. Bg1 d4
15. Ne4 f5 16. Neg5 Qd6 17. Rae1 Nxf4 18. Rxe7 Bxf3 19. Nxf3 Qxe7 20. Qxf4 Qe4
21. Qd2 Qd5 22. c3 d3 23. b3 a5 24. c4 Qd7 25. Bxc5 1-0

[Event "Madrid ch 2022-2023 Semifinal"]
[Site "Madrid ESP"]
[Date "2023.05.07"]
[Round "5.21"]
[White "Vazquez Gonzalez, Jesus"]
[Black "Marin Lopez, Jeronimo"]
[Result "1/2-1/2"]
[WhiteElo "1905"]
[BlackElo "1874"]
[PlyCount "36"]
[EventDate "2023.05.03"]
[EventType "swiss"]
[EventRounds "9"]
[EventCountry "ESP"]
[SourceTitle "Ajedrez en Madrid"]
[Source "lmi"]
[SourceDate "2023.05.03"]
[SourceVersion "1"]
[SourceVersionDate "2023.05.10"]
[SourceQuality "1"]

1. e4 d6 2. d4 Nf6 3. Nc3 Nbd7 4. Nf3 e5 5. Bc4 Be7 6. dxe5 dxe5 7. Bxf7+ Kxf7
8. Ng5+ Kg8 9. Ne6 Qe8 10. Nxc7 Qg6 11. Nxa8 Qxg2 12. Rf1 Nc5 13. Nc7 Bh3 14.
Qe2 Qxf1+ 15. Qxf1 Bxf1 16. Kxf1 Ncxe4 17. N7d5 Nxd5 18. Nxd5 Bc5 1/2-1/2

[Event "Madrid ch 2022-2023 Semifinal"]
[Site "Madrid ESP"]
[Date "2023.05.08"]
[Round "6.1"]
[White "Torres Boch, Jose Francisco"]
[Black "Horcajuelo Rocamora, Martin"]
[Result "0-1"]
[WhiteElo "2139"]
[BlackElo "2274"]
[PlyCount "100"]
[EventDate "2023.05.03"]
[EventType "swiss"]
[EventRounds "9"]
[EventCountry "ESP"]
[SourceTitle "Ajedrez en Madrid"]
[Source "lmi"]
[SourceDate "2023.05.03"]
[SourceVersion "1"]
[SourceVersionDate "2023.05.10"]
[SourceQuality "1"]

1. e4 c5 2. Nf3 d6 3. d4 cxd4 4. Nxd4 Nf6 5. Nc3 a6 6. Bg5 Nbd7 7. Qe2 h6 8.
Bh4 g6 9. f4 e5 10. fxe5 dxe5 11. O-O-O Qc7 12. Nb3 b5 13. Kb1 Be7 14. Qe1 Bb7
15. Be2 g5 16. Bg3 Nxe4 17. Nxe4 Bxe4 18. Nd4 Rc8 19. Bg4 Bg6 20. Bxe5 Nxe5 21.
Bxc8 O-O 22. Bf5 Bh5 23. Rc1 Bf6 24. Qe4 Nc4 25. Qd3 Qf4 26. c3 Bxd4 27. cxd4
Rd8 28. d5 Qe5 29. Qc2 Rxd5 30. Bh7+ Kg7 31. Rhe1 Qd4 32. Re8 f5 33. Re7+ Kf8
34. Rc7 Qe5 35. Rxc4 bxc4 36. Qxc4 Kg7 37. Qc8 Bf7 38. h4 Rb5 39. b3 Qe4+ 40.
Kb2 Qd4+ 41. Kb1 Bxb3 42. Rc7+ Bf7+ 43. Kc1 Qb2+ 44. Kd1 Rd5+ 45. Ke1 Qd2+ 46.
Kf1 Qd1+ 47. Kf2 Rd2+ 48. Kg3 Qg4+ 49. Kh2 Qxh4+ 50. Kg1 Rd1# 0-1

[Event "Madrid ch 2022-2023 Semifinal"]
[Site "Madrid ESP"]
[Date "2023.05.08"]
[Round "6.2"]
[White "Rey Martinez, Jaime"]
[Black "Ruiz Vazquez, Javier"]
[Result "1-0"]
[WhiteElo "2217"]
[BlackElo "1983"]
[PlyCount "77"]
[EventDate "2023.05.03"]
[EventType "swiss"]
[EventRounds "9"]
[EventCountry "ESP"]
[SourceTitle "Ajedrez en Madrid"]
[Source "lmi"]
[SourceDate "2023.05.03"]
[SourceVersion "1"]
[SourceVersionDate "2023.05.10"]
[SourceQuality "1"]

1. e4 c5 2. Ne2 d5 3. exd5 Qxd5 4. Nbc3 Qh5 5. d4 cxd4 6. Qxd4 Nc6 7. Qa4 Bd7
8. Nf4 Qe5+ 9. Be3 e6 10. O-O-O a6 11. Be2 Nf6 12. Rhe1 Bc5 13. Bxc5 Qxc5 14.
Ne4 Nxe4 15. Qxe4 O-O-O 16. Nd3 Qa5 17. a3 e5 18. g4 Be6 19. Bf3 Rd4 20. Qe2 f6
21. Bxc6 bxc6 22. Nb4 Bxg4 23. f3 Bd7 24. Rxd4 exd4 25. Qc4 Qb6 26. Nxa6 Qb5
27. Qxb5 cxb5 28. Re7 Re8 29. Rxg7 Bf5 30. Kd2 Re3 31. Rg3 h5 32. f4 Re4 33.
Rg8+ Kd7 34. Nc5+ Ke7 35. Nxe4 Bxe4 36. Rh8 Bg6 37. Rb8 Be8 38. Kd3 Bc6 39.
Kxd4 1-0

[Event "Madrid ch 2022-2023 Semifinal"]
[Site "Madrid ESP"]
[Date "2023.05.08"]
[Round "6.3"]
[White "Martinez Fernandez, Raul"]
[Black "Torres Rebolledo, Alvaro"]
[Result "1-0"]
[WhiteElo "2190"]
[BlackElo "2082"]
[PlyCount "155"]
[EventDate "2023.05.03"]
[EventType "swiss"]
[EventRounds "9"]
[EventCountry "ESP"]
[SourceTitle "Ajedrez en Madrid"]
[Source "lmi"]
[SourceDate "2023.05.03"]
[SourceVersion "1"]
[SourceVersionDate "2023.05.10"]
[SourceQuality "1"]

1. e4 e5 2. Nf3 Nc6 3. Bc4 Bc5 4. c3 Nf6 5. d3 d6 6. O-O O-O 7. a4 a5 8. h3 Ba7
9. Re1 h6 10. Nbd2 Ne7 11. Nf1 Ng6 12. d4 exd4 13. Nxd4 Re8 14. Ng3 c6 15. Bd3
d5 16. exd5 Rxe1+ 17. Qxe1 Bxd4 18. cxd4 Qxd5 19. Bxg6 fxg6 20. Qe5 Kh7 21. Ne2
Qc4 22. Nc3 Bd7 23. Qd6 Re8 24. Bf4 Re6 25. Qc5 Qb4 26. Be3 b6 27. Qxb4 axb4
28. Ne2 Nd5 29. Nf4 Nxf4 30. Bxf4 c5 31. dxc5 bxc5 32. a5 Bb5 33. Be3 Rc6 34.
Rc1 c4 35. Bd2 c3 36. bxc3 b3 37. Rb1 Bc4 38. Be3 Rd6 39. Kh2 g5 40. Bd4 Kg6
41. Kg3 Kf5 42. f3 Ke6 43. Bxg7 Ra6 44. Bxh6 Rxa5 45. h4 Ra2 46. Bxg5 b2 47.
Bc1 bxc1=Q 48. Rxc1 Kf5 49. Kh3 Rf2 50. Kg3 Rb2 51. Ra1 Rc2 52. Ra5+ Kg6 53.
Rg5+ Kh6 54. Kf4 Bf1 55. g4 Rxc3 56. Rh5+ Kg6 57. Re5 Rc4+ 58. Kg3 Rc3 59. h5+
Kh6 60. Re6+ Kg7 61. g5 Bc4 62. Re7+ Kf8 63. Rc7 Rc2 64. h6 Bd3 65. h7 Rxc7 66.
h8=Q+ Ke7 67. Qf6+ Ke8 68. g6 Bc4 69. Qh8+ Kd7 70. f4 Be6 71. Qg7+ Kd6 72. Qe5+
Kd7 73. f5 Bc4 74. f6 Rc6 75. Qe7+ Kc8 76. Qe8+ Kc7 77. Qxc6+ Kxc6 78. f7 1-0

[Event "Madrid ch 2022-2023 Semifinal"]
[Site "Madrid ESP"]
[Date "2023.05.08"]
[Round "6.4"]
[White "De La Puerta Cresis, Javier"]
[Black "Moreno Lopez, Avelino"]
[Result "1/2-1/2"]
[WhiteElo "2138"]
[BlackElo "2008"]
[PlyCount "49"]
[EventDate "2023.05.03"]
[EventType "swiss"]
[EventRounds "9"]
[EventCountry "ESP"]
[SourceTitle "Ajedrez en Madrid"]
[Source "lmi"]
[SourceDate "2023.05.03"]
[SourceVersion "1"]
[SourceVersionDate "2023.05.10"]
[SourceQuality "1"]

1. e4 e5 2. Nf3 Nf6 3. Nxe5 d6 4. Nf3 Nxe4 5. Nc3 Nxc3 6. dxc3 Be7 7. Bf4 Bg4
8. h3 Be6 9. Nd4 Qd7 10. Qd2 O-O 11. O-O-O Qa4 12. a3 Na6 13. Bb5 Qa5 14. Rhe1
Nc5 15. Nxe6 Nxe6 16. Bc4 Bf6 17. Be3 Rae8 18. g4 Nc5 19. Bd4 Ne4 20. Qd3 Bxd4
21. Rxe4 Bxf2 22. Rxe8 Rxe8 23. Rf1 Qe5 24. Kb1 Qf4 25. Qd5 1/2-1/2

[Event "Madrid ch 2022-2023 Semifinal"]
[Site "Madrid ESP"]
[Date "2023.05.08"]
[Round "6.6"]
[White "Nunez Miranda, Adrian"]
[Black "Longa Yauca, Javier"]
[Result "1/2-1/2"]
[WhiteElo "2127"]
[BlackElo "2216"]
[PlyCount "165"]
[EventDate "2023.05.03"]
[EventType "swiss"]
[EventRounds "9"]
[EventCountry "ESP"]
[SourceTitle "Ajedrez en Madrid"]
[Source "lmi"]
[SourceDate "2023.05.03"]
[SourceVersion "1"]
[SourceVersionDate "2023.05.10"]
[SourceQuality "1"]

1. e4 d6 2. d4 Nf6 3. Nc3 Nbd7 4. g4 h6 5. h3 e5 6. Nge2 c6 7. Bg2 Be7 8. Be3
Qc7 9. Ng3 Nb6 10. Qd3 Be6 11. d5 Bd7 12. a4 cxd5 13. Nb5 Qd8 14. exd5 a6 15.
Nc3 Qc7 16. b3 Rc8 17. Nce2 Nbxd5 18. Bxd5 Nxd5 19. Qxd5 Bc6 20. Qd2 Bxh1 21.
Nxh1 Qxc2 22. Rc1 Qxd2+ 23. Bxd2 Rxc1+ 24. Bxc1 Kd7 25. Nhg3 Rc8 26. Nf5 Bf8
27. Kd2 d5 28. Bb2 g6 29. Ne3 Bb4+ 30. Kd1 Kd6 31. f4 f6 32. f5 g5 33. Ng3 Rc6
34. Nh5 d4 35. Nc2 Kc5 36. Ng3 a5 37. Ke2 Kd5 38. Nxb4+ axb4 39. Kd3 Kd6 40.
Ne4+ Ke7 41. Nd2 Rc8 42. Nc4 h5 43. Na5 hxg4 44. hxg4 Kd7 45. Nxb7 Kc6 46. Na5+
Kd5 47. Nc4 e4+ 48. Kd2 Kc5 49. a5 Rh8 50. Nb6 Rh2+ 51. Kc1 e3 52. Nd7+ Kc6 53.
Bxd4 Rh1+ 54. Kc2 e2 55. Bf2 Rf1 56. Nxf6 Rxf2 57. Kd2 Kb5 58. Ne4 Rf4 59. Nxg5
Rxg4 60. Ne6 Re4 61. Ke1 Kxa5 62. Nd8 Rf4 63. Kxe2 Kb6 64. Kd3 Rxf5 65. Ne6
Rf3+ 66. Kc4 Ka5 67. Nd4 Rc3+ 68. Kd5 Kb6 69. Kd6 Rc5 70. Ne6 Ra5 71. Nd4 Ra1
72. Kd5 Rc1 73. Kd6 Kb7 74. Kd5 Kc7 75. Ne6+ Kb7 76. Nc5+ Kb6 77. Nd3 Rd1 78.
Kc4 Ka5 79. Nc5 Rc1+ 80. Kd5 Kb5 81. Ne6 Rc3 82. Nd4+ Kb6 83. Kd6 1/2-1/2

[Event "Madrid ch 2022-2023 Semifinal"]
[Site "Madrid ESP"]
[Date "2023.05.08"]
[Round "6.7"]
[White "Marin Aso, Jose Luis"]
[Black "Centeno Mendoza, Julio Stefano"]
[Result "0-1"]
[WhiteElo "1864"]
[BlackElo "2148"]
[PlyCount "50"]
[EventDate "2023.05.03"]
[EventType "swiss"]
[EventRounds "9"]
[EventCountry "ESP"]
[SourceTitle "Ajedrez en Madrid"]
[Source "lmi"]
[SourceDate "2023.05.03"]
[SourceVersion "1"]
[SourceVersionDate "2023.05.10"]
[SourceQuality "1"]

1. c4 e6 2. Nc3 d5 3. e3 Nf6 4. b3 c5 5. Nf3 d4 6. Na4 Nc6 7. exd4 cxd4 8. d3
e5 9. g3 Bf5 10. Bg2 Be7 11. O-O O-O 12. Bg5 Re8 13. Re1 h6 14. Bxf6 Bxf6 15.
a3 a5 16. Nc5 Qb6 17. Ne4 Be7 18. Qc2 Bh7 19. Ned2 Qc5 20. Ne4 Qb6 21. Ned2 Bc5
22. Ne4 Bf8 23. Ned2 Bxa3 24. c5 Qxc5 25. Nc4 Bb4 0-1

[Event "Madrid ch 2022-2023 Semifinal"]
[Site "Madrid ESP"]
[Date "2023.05.08"]
[Round "6.8"]
[White "Barraza Caracuel, Ignacio"]
[Black "Martinez Garcia, Ruben"]
[Result "1/2-1/2"]
[WhiteElo "2042"]
[BlackElo "2030"]
[PlyCount "35"]
[EventDate "2023.05.03"]
[EventType "swiss"]
[EventRounds "9"]
[EventCountry "ESP"]
[SourceTitle "Ajedrez en Madrid"]
[Source "lmi"]
[SourceDate "2023.05.03"]
[SourceVersion "1"]
[SourceVersionDate "2023.05.10"]
[SourceQuality "1"]

1. d4 Nf6 2. Nf3 g6 3. c4 Bg7 4. Nc3 d6 5. Bg5 O-O 6. e3 c5 7. d5 e5 8. Nd2 h6
9. Bh4 g5 10. Bg3 Nh7 11. e4 f5 12. exf5 Bxf5 13. Nde4 Na6 14. Bd3 Nc7 15. O-O
Qd7 16. Qe2 Rf7 17. Rab1 a5 18. a4 1/2-1/2

[Event "Madrid ch 2022-2023 Semifinal"]
[Site "Madrid ESP"]
[Date "2023.05.08"]
[Round "6.9"]
[White "Tenorio Garcia, Joel"]
[Black "Ruiz Bellon, Manuel"]
[Result "1-0"]
[WhiteElo "2100"]
[BlackElo "1944"]
[PlyCount "65"]
[EventDate "2023.05.03"]
[EventType "swiss"]
[EventRounds "9"]
[EventCountry "ESP"]
[SourceTitle "Ajedrez en Madrid"]
[Source "lmi"]
[SourceDate "2023.05.03"]
[SourceVersion "1"]
[SourceVersionDate "2023.05.10"]
[SourceQuality "1"]

1. e4 c5 2. Nf3 Nc6 3. d4 cxd4 4. Nxd4 Nf6 5. Nc3 e5 6. Ndb5 d6 7. Bg5 a6 8.
Na3 b5 9. Nd5 Be7 10. Bxf6 Bxf6 11. c3 Bg5 12. Nc2 O-O 13. a4 bxa4 14. Rxa4 Rb8
15. Ncb4 Nxb4 16. Nxb4 Qb6 17. Bxa6 Bd7 18. Ra1 Be6 19. O-O f5 20. exf5 Rxf5
21. Bd3 Rf4 22. Ra6 Qc7 23. Rxd6 Bg4 24. Qb3+ Kh8 25. Qd5 Rbf8 26. Qxe5 Be7 27.
Re6 Qxe5 28. Rxe5 Bxb4 29. cxb4 Rxb4 30. Re4 Rxe4 31. Bxe4 Rb8 32. Ra1 g6 33.
Ra8 1-0

[Event "Madrid ch 2022-2023 Semifinal"]
[Site "Madrid ESP"]
[Date "2023.05.08"]
[Round "6.10"]
[White "Mota Cossio, Alberto"]
[Black "Carela Ferrer, Francisco Javier"]
[Result "0-1"]
[WhiteElo "2087"]
[BlackElo "1869"]
[PlyCount "99"]
[EventDate "2023.05.03"]
[EventType "swiss"]
[EventRounds "9"]
[EventCountry "ESP"]
[SourceTitle "Ajedrez en Madrid"]
[Source "lmi"]
[SourceDate "2023.05.03"]
[SourceVersion "1"]
[SourceVersionDate "2023.05.10"]
[SourceQuality "1"]

1. e4 c5 2. Nf3 g6 3. c3 Bg7 4. d4 cxd4 5. cxd4 d5 6. e5 Bg4 7. Bb5+ Nd7 8. O-O
e6 9. Nbd2 Ne7 10. h3 Bxf3 11. Nxf3 O-O 12. b3 a6 13. Bd3 Nc6 14. Ba3 Re8 15.
Qe2 f6 16. Bb2 fxe5 17. dxe5 Rf8 18. Rac1 Qe7 19. Qe3 Rf7 20. Ng5 Bh6 21. h4
Bxg5 22. hxg5 Raf8 23. f4 Qb4 24. g3 Rc8 25. Kg2 d4 26. Qe2 Nb6 27. Bc4 Nxc4
28. Rxc4 Qa5 29. Bxd4 Rd8 30. Bc3 Qb5 31. Kh3 Rfd7 32. Re4 Qb6 33. Qc4 Kf7 34.
f5 gxf5 35. Rxf5+ Ke7 36. Rf6 Rd5 37. Qf1 Kd7 38. Rf7+ Kc8 39. Qf6 Rd3 40.
Qxe6+ Kb8 41. Be1 Qg1 42. Qf6 Qh1+ 43. Kg4 Qxe4+ 44. Qf4 Qxe1 45. e6+ Qe5 46.
Kh5 Qxf4 47. gxf4 Re8 48. f5 Nd4 49. Rd7 Nxe6 50. Rxh7 0-1